|
|
|
|
| LEADER |
00000nam a22000007a 4500 |
| 005 |
2021110206086.0 |
| 007 |
cr|||| |||| |
| 008 |
211102s2019 es |||||s|||| 00||0 spa d |
| 020 |
|
|
|a 978-84-1381-180-2
|
| 035 |
|
|
|a 33616
|
| 040 |
|
|
|a vLex
|
| 090 |
|
|
|c 12621
|d 12621
|
| 100 |
1 |
|
|a Cernadas Lz̀are, Marta
|
| 245 |
1 |
2 |
|a La dilucin̤ de la marca de renombre
|h [Recurso electrn̤ico] /
|c Marta Cernadas Lz̀are
|
| 256 |
|
|
|a Servicio en ln̕ea
|
| 260 |
|
|
|a Madrid:
|b Marcial Pons,
|c 2019
|
| 300 |
|
|
|a 1 recurso electrn̤ico
|
| 500 |
|
|
|a La teora̕ de la dilucin̤ nace para proteger a las marcas que ostentan cierto grado de conocimiento frente al uso de una marca idňtica o similar con relacin̤ a productos o servicios diferentes. Esta proteccin̤ surgi ̤en los aǫs veinte del pasado siglo como respuesta jurisprudencial a la laguna existente en las leyes de marcas. Antes de que la normativa de marcas reconociera la proteccin̤ extraordinaria, los titulares de la marca de renombre o famosa deba̕n acudir a las normas generales y al Derecho contra la competencia desleal para poder proteger su marca ms̀ all ̀de la regla de la especialidad. Sin embargo, el valor que representa la marca de renombre o famosa provoc ̤que esta proteccin̤ excepcional fuese trasladada al Derecho de marcas. Desde su origen y hasta la actualidad, esta proteccin̤ reforzada ha sufrido una profunda evolucin̤ que ha provocado que se trate de una de las figuras ms̀ controvertidas del Derecho de marcas. La tutela reforzada de la marca de renombre o famosa constituye, hoy en da̕, uno de los pilares bs̀icos del Derecho de marcas, que se caracteriza por dejar sin efecto el principio de especialidad que rige en Derecho de marcas. El presente trabajo tiene por objeto el estudio de la problemt̀ica que existe en torno a la dilucin̤ de la marca. Con tal fin, se ha realizado un estudio de Derecho comparado entre la Unin̤ Europea y los Estados Unidos de Amřica, abordando algunas de las cuestiones ms̀ controvertidas de la proteccin̤ frente al perjuicio del carc̀ter distintivo de la marca de renombre o famosa. De este modo, se analizan el concepto de marca de renombre o famosa, los requisitos que han de cumplirse para acceder a la proteccin̤ reforzada y la proteccin̤ en s,̕ su regulacin̤ y aplicacin̤ por los tribunales, as ̕como su fundamentacin̤.
|
| 506 |
1 |
|
|a Disponible solo en los productos indicados
|d vLex Global
|d vLex Global (Academic Edition, excluding Law Schools)
|d vLex Global (U.S. Academic Edition, Law Schools)
|d vLex Global (U.S. Academic Edition, excluding Law Schools)
|d vLex Global (Academic Edition, Law Schools)
|
| 650 |
0 |
4 |
|a Derecho Civil
|z Espaą
|
| 650 |
0 |
4 |
|a Derecho Mercantil y de la Empresa
|z Espaą
|
| 650 |
0 |
4 |
|a Derecho Internacional
|z Espaą
|
| 740 |
0 |
|
|a vLex Libros (Servicio en ln̕ea)
|
| 856 |
4 |
0 |
|u https://app.vlex.com/#/sources/33616
|z Acceso restringido
|
| 942 |
|
|
|c BOOK
|
| 999 |
0 |
|
|a Civil Law
|
| 999 |
0 |
|
|a Commercial and Company Law
|
| 999 |
0 |
|
|a International Law
|